Famous Foods By US State - Statistics

General Stats
  • This quiz has been taken 61 times
  • The average score is 17 of 50
Answer Stats
Food Answer % Correct
Cincinnati Chili Ohio
79%
Clam Chowder Massachusetts
77%
Deep Dish Pizza Illinois
74%
Lobster Roll Maine
70%
Key Lime Pie Florida
68%
Cheesesteak Pennsylvania
66%
Buffalo Wings New York
62%
Beignets Louisiana
60%
Steamed Crabs Maryland
57%
Brisket Texas
55%
Avocado Toast California
53%
Jim Spud Baked Potato Idaho
53%
Chimichangas Arizona
51%
Fried Cheese Curds Wisconsin
51%
Boiled Peanuts Georgia
49%
King Crab Alaska
47%
Shaved Ice Hawaii
45%
BBQ Ribs Kansas
40%
Corn On The Cob Iowa
38%
Poutine New Hampshire
34%
White Clam Pizza Connecticut
32%
Pork Tenderloin Sandwich Indiana
28%
Hot Dish Minnesota
26%
Biscuits Mississippi
26%
Toasted Ravioli Missouri
26%
Nashville Hot Chicken Tennesee
26%
Fried Pickles Arkansas
23%
Huckleberry Ice Cream Montana
23%
Frito Pie New Mexico
23%
Chicken And White BBQ Sauce Alabama
21%
Hot Brown Kentucky
21%
Seafood Chowder Washington
21%
3 A.M. Steak & Eggs Nevada
19%
She-Crab Soup South Carolina
19%
Lamb Chops Colorado
17%
Fries With Vinegar Delaware
17%
Pasty Michigan
17%
Disco Fries New Jersey
17%
Lexington BBQ North Carolina
17%
Marionberry Pie Oregon
17%
Coffee Milk Rhode Island
17%
Pepperoni Rolls West Virginia
17%
Fry Bread Wyoming
17%
Steak Oklahoma
15%
Tin Roof Sundae Nebraska
13%
Cheese Buttons North Dakota
13%
Lefse South Dakota
13%
Fry Sauce Utah
13%
Apple Pie Vermont
13%
Peanut Soup Virginia
13%
No matching quizzes found
Score Distribution
Percent of People with Each Score
Percentile by Number Answered
Your Score History
You have not taken this quiz